Statistics for Countries That Lionel Messi Scored Against

Click here to take the quiz!

General Stats

  • This quiz has been taken 476 times
    (316 since last reset)
  • The average score is 19 of 29

Answer Stats

CountryGoalsLast% Correct
Brazil52019
98%
Chile52021
92%
Spain22010
91%
Uruguay62021
89%
France12009
89%
Germany12012
88%
Portugal12011
87%
Colombia42016
87%
Paraguay52019
84%
United States12016
84%
Peru12007
83%
Mexico32015
83%
Venezuela32016
79%
Bolivia82021
78%
Nigeria32018
77%
Ecuador62021
77%
Iran12014
67%
Croatia22014
60%
Bosnia and Herzegovina12014
56%
Panama32016
56%
Switzerland32012
55%
Serbia12006
53%
Algeria22007
37%
Guatemala32013
35%
Slovenia12014
34%
Nicaragua22019
33%
Haiti32018
25%
Albania12011
19%
Hong Kong22014
12%

Score Distribution

Percentile by Number Answered

Percent of People with Each Score

Your Score History

You have not taken this quiz since the last reset